000 01434nam a2200289 4500
999 _c122362
_d122362
003 dpl
005 20190225144305.0
008 180626b xxu||||| |||| 00| 0 eng d
010 _aA-926762
020 _c500.00
_a8170433398
035 _aA-926762, A-926766, A-926771, A-926766
037 _bCen Lib / Ret
040 _aDPL
_bHN
_c0
082 _a820.8
_bभट्टउ
245 _aउदय शंकर भट्ट रचनावली /
_cसम्पादक प्रभा शंकर मेहता
246 _aUday Shankar Bhatt Rachnavali /
_bedited by Prabha Shankar Mehta
260 _aदिल्ली
_bआत्मा राम एंड संस
_c1998
270 _aकश्मीरी गेट
_bदिल्ली
_e110001
300 _av 1. 542 ; v 4. various paging.
_b24cm.
500 _av 1. काव्य, भाव नाट्य एवं गीति नाट्य (चुनी हुई कृतियाँ) ; v 4 .उपन्यास (शेष अशेष, लोक-परलोक, दो अध्याय) ;
650 _aहिंदी साहित्य
650 _aहिंदी सहित्य- उदय शंकर भट्ट
650 _aHindi Literature
650 _aHindi Literature- Uday Shankar Bhatt
700 _aमेहता, प्रभा शंकर
942 _2ddc
_cHN
_h820.8
_mभट्टउ